[Event "Francisco Martinez 8th tt"]
[Site "Santa Clara"]
[Date "2018.08.19"]
[Round "7.1"]
[White "Figueredo Dominguez, Reinaldo R"]
[Black "Rodriguez Godoy, Ruben Adolfo"]
[Result "0-1"]
[WhiteElo "1922"]
[BlackElo "1883"]
[PlyCount "56"]
[EventDate "2018.08.16"]
[EventType "team-tourn"]
[EventRounds "10"]
[EventCountry "CUB"]
[EventCategory "8"]
[SourceTitle "EXT 2021"]
[Source "ChessBase"]
[SourceDate "2020.10.23"]
[SourceVersion "1"]
[SourceVersionDate "2020.10.23"]
[SourceQuality "1"]

1. e4 c5 2. Nf3 e6 3. d4 cxd4 4. Nxd4 a6 5. Bd3 Bc5 6. Nb3 Be7 7. Qg4 Nf6 8. Qg3 d6 9. Nc3 b5 10. a3 Bb7 11. 0-0 Nbd7 12. f4 h5 13. h3 Qc7 14. Be3 h4 15. Qf2 Nc5 16. Nxc5 dxc5 17. e5 Nh5 18. Be4 Ng3 19. Bxb7 Qxb7 20. Rfd1 Rc8 21. Ne2 Nf5 22. Nc3 Rh6 23. Rd2 Rg6 24. Rad1 b4 25. Na4 Qc6 26. Bxc5 Qxa4 27. Bxe7 Nxe7 28. Qb6 Nd5 0-1

[Event "Agosto de Victorias op"]
[Site "Mayabeque"]
[Date "2018.08.07"]
[Round "7"]
[White "Rodriguez Godoy, Ruben Adolfo"]
[Black "Perez Marimon, Jorge De Jesus"]
[Result "0-1"]
[WhiteElo "1883"]
[BlackElo "2101"]
[PlyCount "86"]
[EventDate "2018.08.04"]
[EventType "swiss"]
[EventRounds "9"]
[EventCountry "CUB"]
[SourceTitle "EXT 2021"]
[Source "ChessBase"]
[SourceDate "2020.10.23"]
[SourceVersion "1"]
[SourceVersionDate "2020.10.23"]
[SourceQuality "1"]

1. e4 e5 2. Bc4 Nc6 3. Nf3 Nf6 4. d3 Be7 5. Nc3 d6 6. h3 Na5 7. 0-0 Nxc4 8. dxc4 0-0 9. Bg5 Be6 10. Bxf6 Bxf6 11. Nd5 c6 12. Nxf6+ Qxf6 13. b3 Rad8 14. Qe2 Qg6 15. Kh2 Qh5 16. Nd4 Qxe2 17. Nxe2 d5 18. cxd5 cxd5 19. exd5 Rxd5 20. Rad1 Rfd8 21. Nc3 Rd4 22. Rxd4 Rxd4 23. Rd1 Rxd1 24. Nxd1 Kf8 25. Kg3 Ke7 26. c4 Kd6 27. Kf3 f5 28. h4 Kc5 29. Ke3 Kb4 30. Kd2 Ka3 31. Kc3 a5 32. Nb2 Kxa2 33. Na4 Kb1 34. Nc5 Bc8 35. g3 e4 36. Na4 Kc1 37. Nb6 Be6 38. Nd5 Kd1 39. Nf4 Bd7 40. Nh3 g6 41. b4 axb4+ 42. Kxb4 Ke2 43. Kc5 Kf3 0-1

[Event "Agosto de Victorias op"]
[Site "Mayabeque"]
[Date "2018.08.06"]
[Round "6"]
[White "Rodriguez Godoy, Ruben Adolfo"]
[Black "Gutierrez Espinosa, Karen"]
[Result "1-0"]
[WhiteElo "1883"]
[BlackElo "2061"]
[PlyCount "67"]
[EventDate "2018.08.04"]
[EventType "swiss"]
[EventRounds "9"]
[EventCountry "CUB"]
[SourceTitle "EXT 2021"]
[Source "ChessBase"]
[SourceDate "2020.10.23"]
[SourceVersion "1"]
[SourceVersionDate "2020.10.23"]
[SourceQuality "1"]

1. d4 Nf6 2. Nf3 d5 3. Bg5 Ne4 4. Bh4 g6 5. e3 Bg7 6. Be2 0-0 7. 0-0 c5 8. c3 c4 9. Nbd2 Nd6 10. b3 b5 11. a4 Bd7 12. axb5 Bxb5 13. bxc4 dxc4 14. Ne5 Bxe5 15. dxe5 Nf5 16. Bg5 Qc7 17. Qb1 a6 18. Qe4 Nc6 19. Bf4 e6 20. Nf3 Na5 21. Bg5 Nb3 22. Bf6 Bc6 23. Qf4 Bxf3 24. Bxf3 Rac8 25. g4 Ng7 26. Qh6 Ne8 27. Rad1 Rb8 28. g5 Qc5 29. Rd6 Qb5 30. Rfd1 Qc5 31. Kh1 a5 32. Rg1 Rb6 33. Rg4 Rxd6 34. Qxh7+ 1-0

[Event "Agosto de Victorias op"]
[Site "Mayabeque"]
[Date "2018.08.05"]
[Round "3"]
[White "Gonzalez Ochoa, Yoana"]
[Black "Rodriguez Godoy, Ruben Adolfo"]
[Result "1-0"]
[WhiteElo "2057"]
[BlackElo "1883"]
[PlyCount "29"]
[EventDate "2018.08.04"]
[EventType "swiss"]
[EventRounds "9"]
[EventCountry "CUB"]
[SourceTitle "EXT 2021"]
[Source "ChessBase"]
[SourceDate "2020.10.23"]
[SourceVersion "1"]
[SourceVersionDate "2020.10.23"]
[SourceQuality "1"]

1. e4 d5 2. exd5 Nf6 3. Nc3 Nxd5 4. Nf3 e6 5. Bc4 Nxc3 6. bxc3 Be7 7. 0-0 0-0 8. d4 b6 9. Ne5 Bb7 10. Qg4 Nd7 11. Nxf7 Kxf7 12. Bxe6+ Ke8 13. Qh5+ g6 14. Qxh7 Qb8 15. Re1 1-0